Bioreaction engineering principles
Gespeichert in:
| Hauptverfasser: | , |
|---|---|
| Format: | Buch |
| Sprache: | Englisch |
| Veröffentlicht: |
Nueva York
Plenun Press
1994
|
| Schlagworte: | |
| Tags: |
Tag hinzufügen
Keine Tags, Fügen Sie den ersten Tag hinzu!
|
MARC
| LEADER | 00000nam a2200000 a 4500 | ||
|---|---|---|---|
| 001 | UCU2269 | ||
| 003 | CL-VaPUC | ||
| 008 | 960423e19940000US |||||||||||||||||eng|d | ||
| 082 | 0 | 4 | |a 660.6 |b NIE |2 21 |
| 100 | |a Nielsen, Jens |e author |9 578653 | ||
| 700 | 0 | |a Villadsen, John |e author |9 358345 | |
| 245 | 1 | 0 | |a Bioreaction engineering principles |
| 300 | |a 456 p | ||
| 942 | |c BK | ||
| 945 | |d 19960423 00:00:00 |a rbrito | ||
| 260 | |a Nueva York |b Plenun Press |c 1994 | ||
| 650 | 7 | |a BIOREACTORES |2 CL-VaPUC |9 358346 | |
| 650 | 0 | |a Células |9 269548 | |
| 650 | 0 | |a Microbiología |9 259706 | |
| 650 | 7 | |a TRANSFERENCIA DE MASAS |2 CL-VaPUC |9 358347 | |
| 650 | 0 | |a Análisis de reacción |9 358348 | |
| 650 | 7 | |a BIOSINTESIS |2 CL-VaPUC |9 269567 | |
| 650 | 0 | |a Gases |9 260945 | |
| 583 | |a last modification |c 19960423 00:00:00 |k Rodrigo Vera | ||
| 999 | |c 246632 |d 246630 | ||
| 952 | |0 0 |1 0 |4 0 |6 660_600000000000000_NIE_1994 |7 0 |8 A |9 261790 |a BIBING |b BIBING |d 2019-11-19 |i 3192997 |o 660.6 NIE 1994 |p 3192997 |r 2025-01-20 |w 2019-11-19 |y BK |k EIB | ||